Statistiques concernant Pokémon-Qui est ce personnage?

Cliquez ici pour prendre le quiz!

Statistiques générales

  • Ce quiz a été pris 76 fois
  • Le résultat moyen est 40 sur 84

Statistiques - réponses

HintRéponse% Correct
Son fidèle Onix l'a accompagné jusqu'à Sinnoh avec SachaPierre
74%
Star de cinéma et amie de LysandreDianthéa
68%
Le dernier obstacle avant CynthiaLucio
68%
Son Arène est une piscine, et c'est une compagnon de voyage de SachaOndine
68%
En sortant de l'Arène, elle peut se rendre au Temple de sa ville enneigéeGladys
63%
Elle a eu 2 arènes, une en mode parc d'attraction et une en défilé de modeInezia
63%
Le Champion ninjaKoga
63%
Elle a déménagé de la Zone de Combat de Sinnoh au Conseil 4 d'UnysPercila
63%
Peintre qui expose à VolucitéArtie
58%
Spécialiste des dragons de la 6ème générationDracéna
58%
Frère du Duo de Champion d'AlgatiaLevy
58%
Il a connu la guerreMajor Bob
58%
Père du Joueur/de la JoueuseNorman
58%
Cheveux gris et écharpe dans cette deuxième salle du Conseil 4Terry
58%
Maire de JanusiaWatson
58%
Partenaire de Drascore et ApireineAaron
53%
Les Sources d'eau chaude de la ville sont également présentes dans son ArèneAdriane
53%
Rivale du Professeur Chen dans sa jeunesseAgatha
53%
Parmi les Pokémon de son équipe de type Combat, il a un OnixAldo
53%
Avec sa tenue d'aviatrice, elle peut voler sur la ville dans les arbresAlizée
53%
Le musée est son royaumeAloé
53%
On se déplace en nénuphar dans son ArèneAmana
53%
Ce capitaine de bateau se bat avec des Pokémon DragonAragon
53%
Son Ecremeuh avec son attaque Roulade a marqué les joueursBlanche
53%
Il est passé de Maître à Champion d'Arène, et est originaire de Bourg PaletteBlue
53%
Elle gère un aéroportCarolina
53%
Elle est passée de Champion d'Arène à Maître de LigueIris
53%
Gardien du Pilier Céleste en tant que Descendant du Peuple AtalanMarc
53%
Champion Eau du Trio d'OgoesseNoah
53%
Originaire des Iles Sevii, elle se bat avec Lokhlass comme partenaireOlga
53%
La meilleure élève de l'Ecole des Dresseurs ferait tout pour des FossilesRoxanne
53%
La cousine de PeterSandra
53%
Soeur du Duo de Champions d'AlgatiaTatia
53%
Ancien Rival de Noir & BlancTcheren
53%
Sa salle de Conseil 4 est envahie de livresAnis
47%
Champion Feu du Trio d'OgoesseArmando
47%
Surfeur et martialiste sur son îleBastien
47%
Son Arène est un immense rollerparkCornélia
47%
Un cauchemar des joueurs que l'on retrouve à Vaguelone...Cynthia
47%
Elle n'accepte que des filles dans son ArèneErika
47%
Pour pouvoir la combattre, il faut faire tourner une horloge floraleFlo
47%
A pris sa retraite dans Noire et Blanche 2, et est basé à AmaillideGoyah
47%
Le Champion au look de ScoutHector
47%
Elle s'occupe du Pharamp du Phare de sa villeJasmine
47%
Boss final de la Tour PrismatiqueLem
47%
Surnommé "Le Teigneux"Lovis
47%
Jeune Championne d'Arène qui se bat avec LucarioMélina
47%
Son Arène est voisine du Dojo, ancienne Arène Combat de KantoMorgane
47%
Il est aussi critique gastronomiqueNarcisse
47%
De Membre du Conseil 4 à Maître, il a pris du galonPeter
47%
Habitant à Algatia, il est fan de pierresPierre Rochard
47%
Travaille dans une minePierrick
47%
Champion Plante du Trio d'OgoesseRachid
47%
La guitariste de son groupe de rockStrykna
47%
Protecteur du Village PokémonUrup
47%
Sa soeur travaille dans un journal à IllumisViolette
47%
Il est le père d'un Champion de SinnohCharles
42%
Premier membre du nouveau Conseil 4 de Kanto et JohtoClément
42%
A infiltré la Sylphe SARLGiovanni
42%
Fille d'un certain Champion de type PoisonJeannine
42%
Champion d'Arène remplaçant dans Pokémon EmeraudeJuan
42%
S'exprime en franglaisKiméra
42%
L'escalade et le vélo, c'est son trucLino
42%
Elle présente des programmes sur l'HolokitMalva
42%
Premier membre d'un Conseil 4 spécialiste du type TénèbresMarion
42%
Visite souvent la tombe de sa grand-mère au Mont MémoriaSpectra
42%
Champion qui a la flemme de combattre au débutTanguy
42%
Il ne parle qu'en ancien françaisThyméo
42%
La Championne aux ailes de fée qui attend des adversaires dans un arbreValériane
42%
Acteur du PokéwoodZhu
42%
Frère de Cornil et ami de Koner de la Zone de CombatAdrien
37%
La ville de cette Championne d'Arène est célèbre pour son Horloge de cristal roseAstera
37%
Il médite sous une cascade, sa femme aimerait qu'il perde du tempsChuck
37%
Dresseur au look de Loubard qui se bat avec des Pokémon de type TénèbresDamien
37%
Très ami avec Goyah, son mentorKunz
37%
Voyant de la ville de RosaliaMortimer
37%
Il a 3 chantiers de villes à son actif, dont 1 qui est une épave aujourd'huiVoltère
37%
Champion d'une ville de Kalos séparée en deux partiesAmaro
32%
L'homme aux énigmes qui attend dans les Iles EcumeAuguste
32%
Il donne le Badge Glacier lorsqu'on le batFredo
32%
Le patron des bas fondsBardane
26%
L'ancien Croupier devenu membre du Conseil 4Pieris
26%
A repris l'Arène à la suite de son pèreAlbert
21%
Elle est venue d'une autre région pour combattre des Dresseurs puissantsGlacia
21%

Distribution des résultats

Percentile par nombre de réponses

% des personnes avec chaque résultat

Votre développement - résultats

Vous n’avez pas pris ce quiz